000 00272nam a2200097Ia 4500
001 1141943
005 20250827010128.0
008 250824s9999 xx 000 0 und d
245 0 _aALEV SAÇLI ÇOCUK
_cCHRİSTİNE NÖSTLİNGER
260 _bGÜNIŞIĞI KİTAPLIĞI YAYINLARI
999 _c1141943
_d1141943